00000000nam 2200000zi 4500
0019.933031
003CaOODSP
00520240205141229
006m     o  d f      
007cr mn|||||||||
008240129e201712  quc     ob   f000 0 fre d
040 |aCaOODSP|bfre|erda|cCaOODSP
043 |an-cn---
045 |ay1y1
0861 |aEn4-628/2017F-PDF
24500|aAudit de la planification de la continuité des activités : |brapport final.
264 1|a[Gatineau, Québec] : |bEnvironnement et changement climatique Canada = Environment and Climate Change Canada, |cdécembre 2017.
300 |a1 ressource en ligne (ii, 16 pages)
336 |atexte|btxt|2rdacontent/fre
337 |ainformatique|bc|2rdamedia/fre
338 |aressource en ligne|bcr|2rdacarrier/fre
500 |aPublié aussi en anglais sous le titre : Audit of business continuity planning : final report.
504 |aComprend des références bibliographiques.
520 |a« L'audit de la planification de la continuité des activités (PCA) a été mené parallèlement à l'audit horizontal de la PCA du Bureau du contrôleur général (BCG), qui englobait des organismes et des ministères sélectionnés, de grande et de petite taille, dont Environnement et Changement climatique Canada (ECCC). Cet audit interne avait pour objectif de déterminer si ECCC a mis en place un cadre et des processus ministériels de gouvernance pour la PCA » -- Sommaire, page i.
61016|aCanada. |bEnvironnement et changement climatique Canada|xAudit.
650 6|aPlans de continuité d'activité|zCanada|xAudit.
7101 |aCanada. |bEnvironnement et changement climatique Canada. |bDirection générale de la vérification et de l'évaluation, |eorganisme de publication.
77508|tAudit of business continuity planning : |w(CaOODSP)9.932190
85640|qPDF|s309 Ko|uhttps://publications.gc.ca/collections/collection_2024/eccc/en4/En4-628-2017-fra.pdf
8564 |qHTML|sS.O.|uhttps://www.canada.ca/fr/environnement-changement-climatique/organisation/transparence/priorites-gestion/audits-internes/audit-planification-continuite-activites-2017.html